[Event "CP-2012-P-00014"]
[Site "LSS email"]
[Date "2012.10.01"]
[Round "?"]
[White "Labuzek, Tadeusz"]
[Black "Van Esbroeck, Jeff"]
[Result "1-0"]
[WhiteElo "1385"]
[BlackElo "686"]
[PlyCount "79"]
[EventDate "2012.10.05"]
[EventType "tourn (corr)"]
[EventRounds "6"]
[EventCountry "GER"]
[SourceTitle "Telechess CBM 161"]
[Source "ChessBase"]
[SourceDate "2014.07.16"]
[SourceVersion "1"]
[SourceVersionDate "2014.07.16"]
[SourceQuality "1"]

1. e4 e5 2. Nf3 Nc6 3. Bb5 a6 4. Ba4 Nf6 5. 0-0 b5 6. Bb3 d5 7. exd5 Nxd5 8. d4 Bg4 9. dxe5 Nce7 10. Qd4 Bxf3 11. gxf3 c6 12. Rd1 g6 13. Bg5 Qc7 14. e6 0-0-0 15. Qxh8 Bh6 16. Qxd8+ Qxd8 17. Bxh6 Nf5 18. Be3 Nfxe3 19. fxe3 fxe6 20. Bxd5 exd5 21. f4 Qh4 22. Nd2 Qg4+ 23. Kf2 Qh4+ 24. Kg2 Qg4+ 25. Kh1 Qe2 26. Nf1 Qf3+ 27. Kg1 Qg4+ 28. Ng3 h5 29. Kf2 h4 30. Ne2 h3 31. Ng3 Qh4 32. Rd4 Qh7 33. Rad1 g5 34. f5 Qf7 35. e4 dxe4 36. Rd8+ Kc7 37. R1d7+ Qxd7 38. Rxd7+ Kxd7 39. Nxe4 Ke7 40. Kg3 1-0

[Event "Krakow op-C"]
[Site "Krakow"]
[Date "2005.12.30"]
[Round "4"]
[White "Glowacki, Pawel"]
[Black "Labuzek, Tadeusz"]
[Result "1-0"]
[WhiteElo "1600"]
[BlackElo "1600"]
[PlyCount "101"]
[EventDate "2005.12.27"]
[EventType "swiss"]
[EventRounds "9"]
[EventCountry "POL"]
[SourceTitle "CBM 110 Extra"]
[Source "ChessBase"]
[SourceDate "2006.03.10"]
[SourceVersion "2"]
[SourceVersionDate "2006.03.10"]
[SourceQuality "1"]

1. e4 e6 2. d3 d5 3. Nd2 c5 4. g3 Nc6 5. Bg2 Nf6 6. Ngf3 Qc7 7. 0-0 dxe4 8. dxe4 Be7 9. Re1 0-0 10. Qe2 a6 11. b3 b5 12. c4 Rb8 13. Bb2 e5 14. Nf1 Nd4 15. Nxd4 cxd4 16. cxb5 axb5 17. f4 Qb6 18. Qd3 Bd6 19. fxe5 Bxe5 20. Red1 Rd8 21. Nd2 Ba6 22. b4 Bb7 23. Nb3 Rd6 24. Nc5 Rbd8 25. Rd2 Ng4 26. Bf1 Bc6 27. Qf3 Ne3 28. Rc1 Rf6 29. Qe2 Nc4 30. Rdd1 Nxb2 31. Qxb2 Bxe4 32. Qe2 Ba8 33. Qxe5 Qc6 34. Qe4 Qxe4 35. Nxe4 Rxf1+ 36. Kxf1 Bxe4 37. Rxd4 Re8 38. Re1 f5 39. Kf2 Rf8 40. Red1 g5 41. Rd8 Rxd8 42. Rxd8+ Kf7 43. Ke3 Bb1 44. a3 Kf6 45. Rb8 Be4 46. Rxb5 h5 47. Rc5 Ke6 48. a4 Kd6 49. a5 Bb1 50. a6 Be4 51. a7 1-0

[Event "Krakow op-C"]
[Site "Krakow"]
[Date "2004.01.04"]
[Round "9"]
[White "Prucel, Ladislav"]
[Black "Labuzek, Tadeusz"]
[Result "0-1"]
[WhiteElo "1799"]
[BlackElo "1600"]
[PlyCount "52"]
[EventDate "2003.12.27"]
[EventType "swiss"]
[EventRounds "9"]
[EventCountry "POL"]
[SourceTitle "EXT 2006"]
[Source "ChessBase"]
[SourceDate "2005.11.24"]
[SourceVersion "1"]
[SourceVersionDate "2005.11.24"]
[SourceQuality "1"]

1. e4 c5 2. Nf3 d6 3. c3 Nf6 4. e5 dxe5 5. Nxe5 a6 6. Bc4 e6 7. 0-0 b5 8. Be2 Bb7 9. Bf3 Qc7 10. d4 Nbd7 11. Bf4 Bd6 12. Nxd7 Bxf4 13. Nxf6+ gxf6 14. Bxb7 Qxb7 15. dxc5 Rg8 16. g3 Rd8 17. Qe2 Ke7 18. a4 b4 19. Qc4 Qf3 20. Qxa6 f5 21. cxb4 Bxg3 22. fxg3 Rxg3+ 23. hxg3 Qxg3+ 24. Kh1 Qh4+ 25. Kg2 Rg8+ 26. Kf3 Qe4+ 0-1

[Event "Krakow op-C"]
[Site "Krakow"]
[Date "2004.01.03"]
[Round "8"]
[White "Labuzek, Tadeusz"]
[Black "Dziegiel, Andrzej"]
[Result "1-0"]
[WhiteElo "1600"]
[BlackElo "1000"]
[PlyCount "89"]
[EventDate "2003.12.27"]
[EventType "swiss"]
[EventRounds "9"]
[EventCountry "POL"]
[SourceTitle "EXT 2006"]
[Source "ChessBase"]
[SourceDate "2005.11.24"]
[SourceVersion "1"]
[SourceVersionDate "2005.11.24"]
[SourceQuality "1"]

1. d4 d5 2. Nf3 Nf6 3. c4 c6 4. e3 Bg4 5. Be2 dxc4 6. Bxc4 e6 7. Nc3 c5 8. Qa4+ Nbd7 9. Ne5 Bf5 10. Nxd7 Nxd7 11. d5 Qb6 12. e4 Bg6 13. dxe6 fxe6 14. 0-0 a6 15. Rd1 Rd8 16. Be3 Bd6 17. f4 Rf8 18. Bxe6 Qb4 19. e5 Qxa4 20. Nxa4 Be7 21. Bxd7+ Rxd7 22. Rxd7 Kxd7 23. Rd1+ Kc6 24. g4 b5 25. f5 Be8 26. Nxc5 Bxc5 27. Rc1 Rf7 28. Rxc5+ Kb7 29. e6 Rc7 30. Rxc7+ Kxc7 31. Bd4 Kd6 32. Bxg7 a5 33. Kf2 Bc6 34. Ke3 Ke7 35. h4 b4 36. h5 Bd5 37. a3 bxa3 38. bxa3 a4 39. Kf4 Bc4 40. h6 Bb5 41. g5 Be8 42. Ke5 Bh5 43. g6 Bxg6 44. fxg6 hxg6 45. Bf6+ 1-0